000 00310nam a2200133Ia 4500
005 20251222155114.0
008 251222s9999||||xx |||||||||||||| ||spa||
082 _aETI.106
100 _aVARGAS TIZON,Virginia.
245 0 _aEtica para Enfermeras
250 _a1ra. ed.
264 _bPubli Unas
942 _cLIB
999 _c38161
_d38161